Culture and organizational behaviour / (Record no. 28819)

MARC details
000 -LEADER
fixed length control field 01140nam a2200289 a 4500
005 - DATE AND TIME OF LATEST TRANSACTION
control field 20090801115156.0
008 - FIXED-LENGTH DATA ELEMENTS--GENERAL INFORMATION
fixed length control field 080911s2008 caua b 001 0 eng
010 ## - LCCN (DPL NO)
LC control number ENG-94601
020 ## - INTERNATIONAL STANDARD BOOK NUMBER
International Standard Book Number 9788178298962 (pbk.)
Terms of availability 395.00
035 ## - SYSTEM CONTROL NUMBER
System control number EN-78134
037 ## - SOURCE OF ACQUISITION
Source of stock number/acquisition DBAD / PUB
040 ## - CATALOGING SOURCE
Original cataloging agency dpl
Language of cataloging English
082 ## - DEWEY DECIMAL CLASSIFICATION NUMBER
Classification number 658.400954
100 ## - MAIN ENTRY--PERSONAL NAME
Personal name Sinha, Jai B. P.
Fuller form of name (Jai Ballabha Prasad),
245 ## - TITLE STATEMENT
Title Culture and organizational behaviour /
Statement of responsibility, etc by Jai B.P. Sinha
260 ## - PUBLICATION, DISTRIBUTION, ETC. (IMPRINT)
Place of publication, distribution, etc New Delhi
Name of publisher, distributor, etc SAGE Publications
Date of publication, distribution, etc 2008
270 ## - ADDRESS
Address B1/I-1 Mohan Cooperative Industrial Area, Mathura Road,
City New Delhi
Postal code 110044
300 ## - PHYSICAL DESCRIPTION
Extent xix, 426 p. :
Other physical details ill. ;
Dimensions 24cm(pbk)
490 ## - SERIES STATEMENT
Series statement Sage texts
504 ## - BIBLIOGRAPHY, ETC. NOTE
Bibliography, etc Includes glossary, bibliographical references and index
650 ## - SUBJECT ADDED ENTRY--TOPICAL TERM
Topical term or geographic name as entry element Organizational behavior
Geographic subdivision India.
650 ## - SUBJECT ADDED ENTRY--TOPICAL TERM
Topical term or geographic name as entry element Management
Geographic subdivision India.
650 ## - SUBJECT ADDED ENTRY--TOPICAL TERM
Topical term or geographic name as entry element Culture.
651 ## - SUBJECT ADDED ENTRY--GEOGRAPHIC NAME
Geographic name India
General subdivision Social life and customs.
942 ## - ADDED ENTRY ELEMENTS (KOHA)
Source of classification or shelving scheme Dewey Decimal Classification
Item type English Books
Classification part 658.400954
Call number suffix SIN
Holdings
Withdrawn status Lost status Source of classification or shelving scheme Damaged status Not for loan Collection code Home library Current library Date acquired Source of acquisition Cost, normal purchase price Total Checkouts Full call number Barcode Date last seen Copy number Cost, replacement price Koha item type
    Dewey Decimal Classification   Not For Loan Non-fiction D.B.Act.Division D.B.Act.Division 01/08/2009 DBAD / PUB 395.00   658.400954 SIN EN-78134 01/08/2009 1 395.00 English Books

© Delhi Public Library
Hit Counter
free hit counter